Central Library OPAC University of Rajshahi

The Alchemist / (Record no. 37977)

MARC details
000 -LEADER
fixed length control field 00872nam a2200289 a 4500
001 - CONTROL NUMBER
control field 37977
003 - CONTROL NUMBER IDENTIFIER
rucl marc code BD-RjUL
005 - DATE AND TIME OF LATEST TRANSACTION
control field 20211209052711.0
008 - FIXED-LENGTH DATA ELEMENTS--GENERAL INFORMATION
fixed length control field 150826s19771969ii b 001 0 eng
035 ## - SYSTEM CONTROL NUMBER
System control number (BD-RjUL) 38082
040 ## - CATALOGING SOURCE
Original cataloging agency DLC
Transcribing agency DLC
Modifying agency (BD-RjUL
Language of cataloging eng
041 ## - LANGUAGE CODE
Language code of text/sound track or separate title eng
082 00 - DEWEY DECIMAL CLASSIFICATION NUMBER
Classification number 822.3
Edition number JOA 1977
100 1# - MAIN ENTRY--PERSONAL NAME
Personal name Jonson, Benjamin
9 (RLIN) 117639
245 14 - TITLE STATEMENT
Title The Alchemist /
Statement of responsibility, etc. Benjamin Jonson; edited by Arthur Sale.
260 ## - PUBLICATION, DISTRIBUTION, ETC. (IMPRINT)
Place of publication, distribution, etc. New Delhi,
Name of publisher, distributor, etc. Oxford University Pess .,
Date of publication, distribution, etc. c1969.(Impression 1977)
300 ## - PHYSICAL DESCRIPTION
Pagination xvi, 223 p.
Size 19 cm.
504 ## - BIBLIOGRAPHY, ETC. NOTE
Bibliography, etc includes bibliography
650 #0 - SUBJECT ADDED ENTRY--TOPICAL TERM
Topical term or geographic name as entry element City and town life
General subdivision Drama.
9 (RLIN) 117640
Topical term or geographic name as entry element Alchemists
General subdivision Drama.
9 (RLIN) 117641
651 #0 - SUBJECT ADDED ENTRY--GEOGRAPHIC NAME
Geographic name London (England)
General subdivision Drama.
9 (RLIN) 117642
700 1# - ADDED ENTRY--PERSONAL NAME
Personal name Sale, Arthur,
942 ## - ADDED ENTRY ELEMENTS (KOHA)
Source of classification or shelving scheme Dewey Decimal Classification
Koha item type Books
Holdings
Lost status Source of classification or shelving scheme Damaged status Not for loan Collection code Permanent Location Current Location Shelving location Date acquired Source of acquisition Cost, normal purchase price Total Checkouts Full call number Date last seen Date checked out Copy number Koha item type
  Dewey Decimal Classification     Non-fiction Central Library, University of Rajshahi Central Library, University of Rajshahi   09/07/1982 Rajshahi, Aligorh Library 36.00 1 822.3 JOA 1977 21/10/2025 15/10/2025 C-2 Books